The tourist industry in east Africa

Αποθηκεύτηκε σε:
Λεπτομέρειες βιβλιογραφικής εγγραφής
Κύριος συγγραφέας: Rajotte, Freda
Μορφή: Βιβλίο
Γλώσσα:English
Δημοσίευση: Paris : Centre des hautes etudes touristiques, 1981
Σειρά:Cahiers du tourisme. Serie B ; ; 23
Θέματα:
Ετικέτες: Προσθήκη ετικέτας
Δεν υπάρχουν, Καταχωρήστε ετικέτα πρώτοι!

MARC

LEADER 00000nam a2200000 i 4500
001 1/67556
008 960619s1981 eng d
035 |l 10030032 
040 |a GR-MY-UA  |b gre  |e aacr 
041 0 |a eng 
082 0 |a 338.4791 
100 1 |a Rajotte, Freda. 
245 1 4 |a The tourist industry in east Africa /  |c Freda Rajotte 
260 |a Paris :   |b Centre des hautes etudes touristiques,   |c 1981 
300 |a 48 p. 
490 1 |a Cahiers du tourisme. Serie B  |v ; 23 
500 |a Includes bibliography 
650 0 0 |a Tourism. 
830 0 |a Cahiers du tourisme. Serie B ;  |v ; 23 
852 |a INST  |b CHIOS  |e 19960619  |h 338.4791 TOU  |p 005200007729  |q 005200007729  |t BK  |y 0 
909 |a Χ  |b 032514